[Event "Doeberl Cup Premier"]
[Site "Canberra AUS"]
[Date "2011.04.21"]
[Round "1.32"]
[White "Dowden,A"]
[Black "Zelesco,Karl"]
[Result "0-1"]
[WhiteElo "2120"]
[BlackElo "1843"]
[WhiteFideId "4300572"]
[BlackFideId "3213390"]
[EventDate "2011.04.21"]
[EventType "swiss"]

1. c4 e5 2. g3 c6 3. Bg2 d5 4. cxd5 cxd5 5. d4 e4 6. Nc3 Nc6 7. Nh3 Bxh3 8. Bxh3
Bb4 9. e3 Nge7 10. Bd2 h5 11. Bf1 h4 12. Nb5 Bxd2+ 13. Qxd2 a6 14. Nc3 hxg3 15.
fxg3 Qd6 16. O-O-O Nf5 17. Be2 Rd8 18. Rdf1 Nce7 19. Bg4 g6 20. Rhg1 Rh7 21. Rf2
Qf6 22. Rgf1 Qg5 23. Rf4 Qh6 24. Bxf5 Nxf5 25. R1f2 Rd6 26. Nxd5 Rxd5 27. Rxe4+
Ne7 28. Qb4 Rd7 29. Rc2 f5 30. Rc8+ Rd8 31. Rxd8+ Kxd8 32. Qd6+ Ke8 33. Qb8+ Kf7
34. Rxe7+ Kxe7 35. Qc7+ Kf8 36. Qb8+ Kg7 37. Qe5+ Kg8 38. Qe6+ Rf7 39. d5 Qg7
40. d6 Kh7 0-1

[Event "Doeberl Cup Premier"]
[Site "Canberra AUS"]
[Date "2011.04.21"]
[Round "2.2"]
[White "Steadman,M"]
[Black "Arutinian,D"]
[Result "0-1"]
[WhiteTitle "FM"]
[BlackTitle "GM"]
[WhiteElo "2217"]
[BlackElo "2575"]
[WhiteFideId "4300548"]
[BlackFideId "13601741"]
[EventDate "2011.04.21"]
[EventType "swiss"]

1. d4 d5 2. c4 e6 3. Nc3 Bb4 4. e3 c5 5. a3 Bxc3+ 6. bxc3 Nc6 7. cxd5 exd5 8.
Bd3 Nge7 9. Ne2 c4 10. Bc2 Bf5 11. Ng3 Bxc2 12. Qxc2 O-O 13. O-O Qd7 14. f3 f5
15. Bd2 Rae8 16. Rae1 Qd6 17. Bc1 Qg6 18. a4 Na5 19. Ba3 Nb3 20. Re2 Rf6 21.
Rfe1 Nc6 22. Qb1 Nd8 23. Bb4 Ne6 24. Bd6 Rf7 25. Be5 Nec5 26. e4 fxe4 27. fxe4
Nd3 28. exd5 Nxe1 29. Qxg6 hxg6 30. Rxe1 Rd7 31. Ne4 Rxd5 32. Re3 Nc1 33. Nd2
Rc8 34. Bg3 Rd7 35. Nf3 Nd3 36. Ng5 a6 37. a5 Rd5 38. h4 Rxa5 39. Re7 Rb5 40.
Ne6 a5 41. Rxg7+ Kh8 42. Rxg6 Rc6 43. Bc7 a4 44. Bd8 Rxe6 45. Rxe6 a3 46. Bf6+
Kh7 0-1

[Event "Doeberl Cup Premier"]
[Site "Canberra AUS"]
[Date "2011.04.21"]
[Round "2.3"]
[White "Deviatkin,A"]
[Black "Bliznyuk,A"]
[Result "1-0"]
[WhiteTitle "GM"]
[WhiteElo "2566"]
[BlackElo "2196"]
[WhiteFideId "4121260"]
[BlackFideId "3202720"]
[EventDate "2011.04.21"]
[EventType "swiss"]

1. c4 Nf6 2. g3 g6 3. Bg2 Bg7 4. Nf3 d6 5. O-O O-O 6. Nc3 Nbd7 7. d4 c6 8. e4 e5
9. h3 Qc7 10. Be3 Re8 11. Qc2 Nf8 12. Rad1 a6 13. dxe5 dxe5 14. Na4 b5 15. Nc5
N6d7 16. b3 Ne6 17. Nxe6 Rxe6 18. Rd2 Bf8 19. Rfd1 Re8 20. c5 Nf6 21. Bg5 Nd7
22. Be3 Nf6 23. Ne1 Be6 24. Nd3 Rad8 25. Kh2 Nh5 26. Qc3 Bg7 27. Nb4 Rxd2 28.
Qxd2 a5 29. Na6 Qa7 30. Qxa5 Bf8 31. Qb6 Ra8 32. Nc7 Qxb6 33. cxb6 Rb8 34. Nxe6
fxe6 35. a4 Bb4 36. axb5 c5 37. Rc1 Rxb6 38. Bf1 Nf6 39. Bxc5 Bxc5 40. Rxc5 Nxe4
41. Rc6 Rb8 42. b6 Nf6 43. Ba6 Nd7 44. b7 Kf8 45. Rc7 Ke7 46. Bb5 1-0

[Event "Doeberl Cup Premier"]
[Site "Canberra AUS"]
[Date "2011.04.21"]
[Round "2.4"]
[White "Schon,E"]
[Black "Bojkov,D"]
[Result "0-1"]
[BlackTitle "GM"]
[WhiteElo "2157"]
[BlackElo "2523"]
[WhiteFideId "3205690"]
[BlackFideId "2904292"]
[EventDate "2011.04.21"]
[EventType "swiss"]

1. e4 e5 2. Nf3 Nc6 3. Bb5 a6 4. Ba4 Nf6 5. O-O Be7 6. Re1 b5 7. Bb3 d6 8. c3
O-O 9. h3 Na5 10. Bc2 c5 11. d4 Qc7 12. Nbd2 Bd7 13. Nf1 cxd4 14. cxd4 Rac8 15.
Bd3 Nc6 16. Be3 exd4 17. Nxd4 Ne5 18. Ng3 g6 19. Rc1 Qa5 20. Bb1 Nc4 21. Bh6
Rfe8 22. b3 Ne5 23. Rxc8 Rxc8 24. f4 Qb6 25. fxe5 dxe5 26. Be3 exd4 27. Qxd4 Bc5
28. Qd2 Be6 29. Nf1 Bxe3+ 30. Qxe3 Qxe3+ 31. Nxe3 Nd7 32. Kf2 Ne5 33. Rd1 a5 34.
Nd5 Kg7 35. Ke3 f6 36. Nf4 Bf7 37. Ne2 a4 38. Rc1 Ra8 39. Nd4 axb3 40. axb3 Ra1
41. Kd2 Kh6 42. Bc2 Ra5 43. Kc3 Be8 44. Kb4 Ra8 45. Rd1 Kh5 46. Rf1 Ra6 47. Nxb5
Rb6 48. Bd1+ Kh4 49. Be2 Kg3 50. Ka5 Bxb5 51. Bxb5 Rd6 52. Rc1 Kxg2 53. Rc3 h5
54. b4 h4 55. Rc2+ Kxh3 56. Bf1+ Kg3 57. b5 Rd1 58. Rc3+ Kf4 59. Bg2 Ra1+ 60.
Kb6 g5 61. Kc7 g4 62. b6 h3 63. Bxh3 gxh3 64. b7 h2 65. Rh3 Rc1+ 66. Kd6 Rb1 67.
Kc7 Nf3 68. b8=Q Rxb8 69. Kxb8 Kg4 0-1

[Event "Doeberl Cup Premier"]
[Site "Canberra AUS"]
[Date "2011.04.21"]
[Round "2.5"]
[White "Johansen,D"]
[Black "Dragicevic,Do"]
[Result "1/2-1/2"]
[WhiteTitle "GM"]
[WhiteElo "2419"]
[BlackElo "2194"]
[WhiteFideId "3200035"]
[BlackFideId "3203328"]
[EventDate "2011.04.21"]
[EventType "swiss"]

1. c4 e5 2. Nc3 Nf6 3. Nf3 Nc6 4. g3 Bb4 5. Nd5 a5 6. a3 Bc5 7. Bg2 O-O 8. d3 h6
9. O-O d6 10. Nd2 Nxd5 11. cxd5 Ne7 12. Ne4 Bb6 13. Nc3 Bd7 14. Bd2 Qe8 15. e3
f5 16. Kh1 Qf7 17. f4 exf4 18. gxf4 Ng6 19. Qh5 Qf6 20. Qh3 a4 21. Rf3 Qh4 22.
Rg1 Rf7 23. Rg3 Qxh3 24. Bxh3 Nf8 25. Bf1 Nh7 26. Be2 Nf6 27. h3 Kf8 28. Rc1 Re7
29. d4 Be8 30. Bd3 Bd7 31. Kg1 Ba5 32. Kf2 Bxc3 33. bxc3 Nxd5 34. c4 Nf6 35. c5
Ne8 36. cxd6 cxd6 37. Bb4 Rc8 38. Rgg1 Rxc1 39. Rxc1 g6 40. Bc4 Nf6 41. Ke2 Ne8
42. h4 h5 43. Ba5 Be6 44. Bb5 Bd7 45. Bc4 Be6 46. Bb5 Bd7 47. Bc4 Be6 48. Bb5
Bd7 1/2-1/2

[Event "Doeberl Cup Premier"]
[Site "Canberra AUS"]
[Date "2011.04.21"]
[Round "2.6"]
[White "Goh Weiming"]
[Black "Andersson,C"]
[Result "1/2-1/2"]
[WhiteTitle "IM"]
[BlackTitle "WIM"]
[WhiteElo "2382"]
[BlackElo "2163"]
[WhiteFideId "5800706"]
[BlackFideId "1702947"]
[EventDate "2011.04.21"]
[EventType "swiss"]

1. e4 e5 2. Nf3 d6 3. d4 exd4 4. Nxd4 Nf6 5. Nc3 Be7 6. Bf4 O-O 7. Qd2 d5 8.
Ndb5 Na6 9. exd5 Bb4 10. O-O-O Bd7 11. Qd3 Re8 12. f3 Qc8 13. a3 Bc5 14. Bg5 Bf5
15. Qc4 Bxc2 16. Bxf6 Bxd1 17. Ne4 c6 18. Nbc3 b5 19. Qd3 Bb3 20. d6 Qe6 21. d7
gxf6 22. dxe8=Q+ Rxe8 23. g4 Bf8 24. Qd4 Bg7 25. Qxa7 Nb8 26. Bd3 Nd7 27. Re1
Ne5 28. Bc2 Bxc2 29. Kxc2 Qc4 30. f4 Qd3+ 31. Kc1 Nxg4 32. Rd1 Qf3 33. Nd6 Qxf4+
34. Kb1 Rf8 35. h3 Ne3 36. Rd4 Qf2 37. Re4 Qc2+ 38. Ka2 Nd1 39. Nxd1 Qxd1 40.
Qc5 Qd5+ 41. Qxd5 cxd5 42. Rg4 h5 43. Rh4 Rb8 44. Rxh5 b4 45. axb4 Rxb4 46. Rxd5
Rh4 47. Nf5 Rxh3 48. Nxg7 Kxg7 49. b4 Rh8 50. b5 Kg6 51. Kb3 f5 52. Kc4 Kg5 53.
b6 Rb8 54. Rb5 Kg4 55. Kd3 f4 56. Ke2 f3+ 57. Kf2 Kf4 58. Rb4+ Ke5 59. Kxf3 Kd5
60. Kf4 Kc5 1/2-1/2

[Event "Doeberl Cup Premier"]
[Site "Canberra AUS"]
[Date "2011.04.21"]
[Round "2.8"]
[White "Toth,And1"]
[Black "McNamara,G"]
[Result "0-1"]
[WhiteTitle "IM"]
[WhiteElo "2378"]
[BlackElo "2150"]
[WhiteFideId "716405"]
[BlackFideId "3203425"]
[EventDate "2011.04.21"]
[EventType "swiss"]

1. e4 e5 2. Nf3 Nc6 3. Bb5 a6 4. Ba4 d6 5. O-O Bd7 6. c3 g6 7. d4 Bg7 8. d5 Nce7
9. c4 b5 10. Bc2 Nf6 11. c5 O-O 12. a4 Nh5 13. Be3 Nf4 14. b4 g5 15. axb5 Bxb5
16. Re1 Neg6 17. Nc3 g4 18. Nd2 Qh4 19. Nxb5 axb5 20. Ra5 Bh6 21. Kh1 Qh5 22. g3
Nh3 23. Qe2 dxc5 24. Bxc5 Rfd8 25. Rea1 Rab8 26. Bd1 Bf8 27. Nb3 f5 28. exf5
Bxc5 29. Nxc5 Qxf5 30. R5a2 Kh8 31. Ne4 Rxd5 32. Qxg4 Rxd1+ 0-1

[Event "Doeberl Cup Premier"]
[Site "Canberra AUS"]
[Date "2011.04.21"]
[Round "2.9"]
[White "Mandla,B"]
[Black "Illingworth,M"]
[Result "0-1"]
[BlackTitle "FM"]
[WhiteElo "2121"]
[BlackElo "2345"]
[WhiteFideId "3207170"]
[BlackFideId "3205207"]
[EventDate "2011.04.21"]
[EventType "swiss"]

1. e4 e6 2. d4 d5 3. exd5 exd5 4. Bd3 Nc6 5. c3 Bd6 6. Nf3 Nge7 7. O-O Bg4 8. h3
Bh5 9. b4 Bg6 10. Re1 O-O 11. Nh4 Bxd3 12. Qxd3 Qd7 13. a4 Rae8 14. Be3 h6 15.
Na3 g5 16. Nf3 Qf5 17. Qxf5 Nxf5 18. Nb5 a6 19. Nxd6 Nxd6 20. Nd2 f5 21. f4 g4
22. Bf2 gxh3 23. g3 Rxe1+ 24. Rxe1 Re8 25. Rxe8+ Nxe8 26. Kh2 a5 27. b5 Ne7 28.
Kxh3 Nf6 29. Be1 Nc8 30. Nb3 b6 31. Nc1 Nd6 32. Nd3 Nc4 33. Kg2 Kf7 34. Kf3 Ke6
35. Ke2 Ne4 36. Kf3 Na3 37. g4 Nb1 38. gxf5+ Kxf5 39. Bh4 Nbxc3 40. Bd8 Nxa4 41.
Bxc7 Nec3 42. Nc5 bxc5 43. b6 Nb5 44. dxc5 Nxc5 0-1

[Event "Doeberl Cup Premier"]
[Site "Canberra AUS"]
[Date "2011.04.21"]
[Round "2.10"]
[White "Akshat,Kh"]
[Black "Morris,Mi2"]
[Result "1-0"]
[WhiteTitle "FM"]
[WhiteElo "2328"]
[BlackElo "2125"]
[WhiteFideId "5016541"]
[BlackFideId "3205819"]
[EventDate "2011.04.21"]
[EventType "swiss"]

1. d4 d5 2. c4 Bf5 3. Nc3 e6 4. cxd5 exd5 5. Bf4 Nc6 6. e3 Nf6 7. Nf3 Be7 8. Bd3
Bxd3 9. Qxd3 O-O 10. O-O a6 11. Rfc1 Na5 12. Nd2 Rc8 13. Na4 Qd7 14. Nc5 Qb5 15.
a4 Qxd3 16. Nxd3 Nc6 17. Nc5 Nd8 18. Ndb3 Nh5 19. Nd7 Nxf4 20. exf4 Re8 21. Nb6
Rb8 22. Nxd5 c6 23. Nxe7+ Rxe7 24. f5 f6 25. Re1 Kf7 26. Nc5 Rc8 27. Rxe7+ Kxe7
28. Re1+ Kd6 29. Re8 b6 30. Ne6 Kd7 31. Rf8 g6 32. fxg6 hxg6 33. Rxd8+ Rxd8 34.
Nxd8 Kxd8 35. h4 f5 36. Kf1 1-0

[Event "Doeberl Cup Premier"]
[Site "Canberra AUS"]
[Date "2011.04.21"]
[Round "2.11"]
[White "Stojic,D"]
[Black "Grigg,S"]
[Result "1-0"]
[WhiteTitle "FM"]
[WhiteElo "2306"]
[BlackElo "2012"]
[WhiteFideId "3203689"]
[BlackFideId "3206360"]
[EventDate "2011.04.21"]
[EventType "swiss"]

1. e4 d5 2. exd5 Nf6 3. d4 Qxd5 4. Nc3 Qa5 5. Nf3 Bg4 6. h3 Bh5 7. Bd2 c6 8. Bc4
e6 9. Qe2 Nbd7 10. g4 Bg6 11. O-O-O O-O-O 12. Ne5 Qc7 13. h4 Bb4 14. h5 Bxc3 15.
Bxc3 Be4 16. f3 Bd5 17. Nxf7 Nxg4 18. Nxd8 Bxc4 19. Qxc4 Ne3 20. Nxe6 Nxc4 21.
Nxc7 Kxc7 22. Rde1 Rf8 23. Re7 g6 24. h6 1-0

[Event "Doeberl Cup Premier"]
[Site "Canberra AUS"]
[Date "2011.04.21"]
[Round "2.12"]
[White "Brown,An"]
[Black "Cameron,Alistair"]
[Result "0-1"]
[WhiteElo "2275"]
[BlackElo "1921"]
[WhiteFideId "3206513"]
[BlackFideId "3209393"]
[EventDate "2011.04.21"]
[EventType "swiss"]

1. d4 Nf6 2. c4 c5 3. d5 b5 4. cxb5 a6 5. e3 Bb7 6. Nc3 e6 7. e4 exd5 8. exd5
Bd6 9. Qe2+ Kf8 10. Bg5 h6 11. Bh4 g5 12. Bg3 Bxg3 13. hxg3 Kg7 14. O-O-O d6 15.
f4 g4 16. Qd2 Nbd7 17. bxa6 Bxa6 18. Bxa6 Rxa6 19. Nge2 Qa5 20. Rh4 Rb6 21. Rdh1
Rhb8 22. f5 Kf8 23. Qxh6+ Ke7 24. Qg5 Rxb2 25. Rxg4 Qa3 26. Kd1 Ne5 27. Ra4 Rb1+
28. Nc1 Qxc3 29. Ra7+ R8b7 30. Rxb7+ Rxb7 31. Rh6 Ng4 32. Rh4 Ne3+ 33. Ke2 Rb2+ 0-1

[Event "Doeberl Cup Premier"]
[Site "Canberra AUS"]
[Date "2011.04.21"]
[Round "2.14"]
[White "Tan,Ju2"]
[Black "Smerdon,D"]
[Result "0-1"]
[BlackTitle "GM"]
[WhiteElo "2124"]
[BlackElo "2512"]
[WhiteFideId "3206882"]
[BlackFideId "3202305"]
[EventDate "2011.04.21"]
[EventType "swiss"]

1. e4 e6 2. d4 d5 3. Nc3 Nf6 4. e5 Nfd7 5. f4 c5 6. Nf3 Nc6 7. Be3 cxd4 8. Nxd4
Bc5 9. Qd2 O-O 10. O-O-O a6 11. Nb3 b6 12. h4 Bb7 13. h5 Rc8 14. a3 Qe7 15. Kb1
Rc7 16. Rh3 Rfc8 17. g4 Na5 18. Nxc5 Nxc5 19. f5 Nd7 20. f6 Qd8 21. fxg7 Rxc3
22. bxc3 Nxe5 23. Bd4 Nec4 24. Qh6 Qd7 25. Re1 e5 26. Rxe5 Qb5+ 27. Kc1 Qb2+ 28.
Kd1 Nxe5 29. Bxe5 Re8 30. Bd3 Qb1+ 31. Kd2 Nc4+ 32. Bxc4 dxc4 33. Re3 Bf3 34.
Re1 Rd8+ 35. Bd4 Rxd4+ 36. cxd4 c3+ 37. Ke3 Qxe1+ 38. Kxf3 Qd1+ 39. Kg3 Qe1+ 40.
Kf3 Qd1+ 41. Kg3 Qxd4 42. Qc6 Qe3+ 43. Kg2 h6 44. Qf6 Qe2+ 45. Kh3 Qe3+ 46. Kg2
b5 47. Qxa6 Qe2+ 48. Kg3 Kxg7 49. a4 Qe3+ 50. Kh4 Qf4 51. Kh3 Qxa4 52. Qc6 Qxc2
53. Qxb5 Qe4 54. Qc5 c2 55. Qc3+ Kh7 56. Kg3 Qe2 57. Qc7 Qd3+ 58. Kh4 Qb3 59.
Qf4 Qd5 60. Kg3 Kg7 61. Qc7 Qb3+ 62. Kh4 Qb2 0-1

[Event "Doeberl Cup Premier"]
[Site "Canberra AUS"]
[Date "2011.04.21"]
[Round "2.15"]
[White "Cheng,Bo"]
[Black "Jule,A"]
[Result "1-0"]
[WhiteTitle "FM"]
[BlackTitle "WIM"]
[WhiteElo "2345"]
[BlackElo "1970"]
[WhiteFideId "4300033"]
[BlackFideId "3205517"]
[EventDate "2011.04.21"]
[EventType "swiss"]

1. d4 e6 2. c4 d5 3. Nf3 c6 4. e3 Nf6 5. b3 Nbd7 6. Bb2 Bd6 7. Bd3 b6 8. Nbd2
Bb7 9. Ne5 c5 10. f4 O-O 11. O-O Ne4 12. cxd5 exd5 13. Nxe4 dxe4 14. Bc4 Qe7 15.
Nxd7 Qxd7 16. dxc5 bxc5 17. Qh5 Kh8 18. Rad1 Qe7 19. Bxf7 Rxf7 20. Rxd6 Rf6 21.
Rxf6 gxf6 22. Qg5 Rf8 23. Rc1 1-0

[Event "Doeberl Cup Premier"]
[Site "Canberra AUS"]
[Date "2011.04.21"]
[Round "2.16"]
[White "Sandler,L"]
[Black "Smirnov,Ant"]
[Result "1-0"]
[WhiteTitle "IM"]
[WhiteElo "2303"]
[BlackElo "2008"]
[WhiteFideId "3201805"]
[BlackFideId "3208923"]
[EventDate "2011.04.21"]
[EventType "swiss"]

1. d4 d5 2. c4 e6 3. Nf3 c6 4. e3 Bd6 5. Bd3 f5 6. O-O Nf6 7. b3 O-O 8. Ba3 Bxa3
9. Nxa3 Ne4 10. Qc2 Nd7 11. b4 a6 12. Nb1 Ndf6 13. Nbd2 Bd7 14. Ne5 b5 15. cxd5
cxd5 16. Nb3 Rc8 17. Nc5 Nxc5 18. bxc5 Bc6 19. a4 Qc7 20. Rfb1 Rb8 21. axb5 Bxb5
22. Bxb5 axb5 23. Ra6 Rfe8 24. Qd3 Ne4 25. Nc6 Ra8 26. Nb4 Rxa6 27. Nxa6 Qc8 28.
Nb4 Qb7 29. f3 Nf6 30. Ra1 Rb8 31. Ra6 Qc8 32. Qa3 Qe8 33. Ra7 Rc8 34. Qa6 h6
35. Qb7 Qf8 36. Qxb5 e5 37. Nc6 1-0

[Event "Doeberl Cup Premier"]
[Site "Canberra AUS"]
[Date "2011.04.21"]
[Round "2.17"]
[White "Liu,Yi"]
[Black "Ikeda,J"]
[Result "0-1"]
[BlackTitle "FM"]
[WhiteElo "1972"]
[BlackElo "2296"]
[WhiteFideId "3210588"]
[BlackFideId "3204731"]
[EventDate "2011.04.21"]
[EventType "swiss"]

1. d4 Nf6 2. c4 e6 3. Nf3 b6 4. e3 Bb7 5. Bd3 d5 6. O-O Nbd7 7. Nc3 dxc4 8. Bxc4
a6 9. Re1 b5 10. Bb3 c5 11. e4 cxd4 12. Nxd4 Bc5 13. e5 Qb6 14. exf6 Bxd4 15.
fxg7 Rg8 16. Be3 Bxe3 17. Rxe3 Rxg7 18. Nd5 Bxd5 19. Qxd5 Rd8 20. Rae1 Nf8 21.
Qe5 Qd4 22. f4 Qxe5 23. Rxe5 Rd2 24. R5e2 Rxe2 25. Rxe2 Kd8 26. a4 Nd7 27. axb5
axb5 28. Kf2 Kc7 29. Kf3 Kb6 30. g4 Nb8 31. g5 Nc6 32. Kg4 Nd4 33. Re3 h6 34. h4
Kc5 35. Re5+ Kd6 36. Ba2 f6 37. Re3 fxg5 38. hxg5 hxg5 39. fxg5 e5 40. Kh5 Rh7+
41. Kg6 Rh2 42. Ra3 Rxb2 43. Ra6+ Kc5 44. Kg7 e4 45. Bf7 e3 46. g6 Rb1 47. Kf8
e2 48. g7 Rg1 49. Bg6 Rf1+ 50. Bf7 e1=Q 51. g8=Q Qe5 52. Qg2 Rf3 53. Rg6 Qh8+
54. Rg8 Qh6+ 55. Ke8 Re3+ 56. Kd7 Qd6+ 57. Kc8 Rc3 58. Qb2 Rc2 59. Rg5+ Kb6+ 60.
Qxc2 Qf8+ 61. Kd7 Qxf7+ 62. Kc8 Qe8# 0-1

[Event "Doeberl Cup Premier"]
[Site "Canberra AUS"]
[Date "2011.04.21"]
[Round "2.18"]
[White "Abrahams,Daniel"]
[Black "Oliver,G"]
[Result "1/2-1/2"]
[WhiteElo "1954"]
[BlackElo "2214"]
[WhiteFideId "2606879"]
[BlackFideId "3203727"]
[EventDate "2011.04.21"]
[EventType "swiss"]

1. e4 c5 2. Nf3 d6 3. d4 cxd4 4. Nxd4 Nf6 5. Nc3 g6 6. g3 Bg7 7. Bg2 O-O 8. O-O
Nfd7 9. b3 Nc6 10. Nde2 Rb8 11. a4 a6 12. Bb2 b6 13. Qc1 Bb7 14. Rd1 Nb4 15. Nd5
Bxb2 16. Qxb2 Bxd5 17. exd5 a5 18. Nd4 Qc7 19. c3 Na6 20. Nc6 Rbe8 21. Re1 Ne5
22. Nxe5 dxe5 23. c4 f6 24. Rad1 Nc5 25. Re2 Kg7 26. Red2 Rd8 27. Qc3 Rd6 28.
Qe3 e6 29. dxe6 Rxe6 30. Bd5 Re7 31. g4 Qc8 32. h3 1/2-1/2

[Event "Doeberl Cup Premier"]
[Site "Canberra AUS"]
[Date "2011.04.21"]
[Round "2.19"]
[White "Tan,Kev AUS"]
[Black "Solomon,SJ"]
[Result "0-1"]
[BlackTitle "IM"]
[WhiteElo "1930"]
[BlackElo "2398"]
[WhiteFideId "3209652"]
[BlackFideId "3200043"]
[EventDate "2011.04.21"]
[EventType "swiss"]

1. e4 e5 2. Nf3 Nc6 3. d4 exd4 4. Bc4 Nf6 5. e5 d5 6. Bb5 Ne4 7. Nxd4 Bc5 8. O-O
O-O 9. Nxc6 bxc6 10. Bxc6 Ba6 11. Qxd5 Bxf1 12. Qxe4 Bb5 13. Nc3 Bxc6 14. Qxc6
Bb6 15. Qe4 Re8 16. Be3 Qe7 17. f4 Rad8 18. Kf1 f6 19. Bxb6 axb6 20. Re1 fxe5
21. fxe5 Qc5 22. Qe3 Rxe5 23. Qxc5 Rxc5 24. a4 Rf5+ 25. Kg1 Rd2 26. Re2 Rxe2 27.
Nxe2 Kf7 28. b4 Ke7 29. Nd4 Rf4 30. c3 c5 31. Nc2 Kd6 32. g3 Re4 33. h4 cxb4 0-1

[Event "Doeberl Cup Premier"]
[Site "Canberra AUS"]
[Date "2011.04.21"]
[Round "2.20"]
[White "Chen,Pengyu"]
[Black "Teichmann,E"]
[Result "1-0"]
[BlackTitle "FM"]
[WhiteElo "1991"]
[BlackElo "2371"]
[WhiteFideId "3212092"]
[BlackFideId "401269"]
[EventDate "2011.04.21"]
[EventType "swiss"]

1. e4 Nc6 2. d4 e5 3. Nf3 exd4 4. Nxd4 Nge7 5. Nc3 Nxd4 6. Qxd4 Nc6 7. Qe3 Bb4
8. Bc4 d6 9. O-O O-O 10. Nd5 Bc5 11. Qg3 Kh8 12. Bg5 f6 13. Be3 Bxe3 14. Nxe3
Ne5 15. Bb3 f5 16. f4 Nc6 17. Nxf5 Bxf5 18. exf5 Rxf5 19. c3 Qf6 20. Rae1 Rf8
21. Re6 Qd8 22. Bc2 Rh5 23. Qg4 g6 24. g3 Ne7 25. Rfe1 Ng8 26. f5 Nf6 27. Qd4
gxf5 28. Re8 1-0

[Event "Doeberl Cup Premier"]
[Site "Canberra AUS"]
[Date "2011.04.21"]
[Round "2.22"]
[White "Kerr,B"]
[Black "Dowden,A"]
[Result "0-1"]
[WhiteElo "1940"]
[BlackElo "2120"]
[WhiteFideId "3210057"]
[BlackFideId "4300572"]
[EventDate "2011.04.21"]
[EventType "swiss"]

1. Nf3 e6 2. g3 b6 3. Bg2 Bb7 4. O-O c5 5. d3 Nf6 6. e4 d5 7. Nfd2 Be7 8. Nc3 d4
9. Ne2 Nc6 10. a4 Qc7 11. Nc4 h5 12. h3 Rd8 13. Bg5 a6 14. f4 Nh7 15. Bxe7 Nxe7
16. Bf3 Nf6 17. Qe1 Nc6 18. e5 Nd5 19. Bxd5 Rxd5 20. Nd6+ Rxd6 21. exd6 Qxd6 22.
c3 Ne7 23. Kh2 dxc3 24. Nxc3 Nf5 25. Qe5 Qc6 26. Ne4 Ke7 27. b4 Rd8 28. Rfd1 f6
29. Qc3 h4 30. g4 Nd4 31. bxc5 f5 32. gxf5 exf5 33. cxb6 fxe4 34. Qxc6 Bxc6 35.
dxe4 Bxe4 36. a5 Kf6 37. Kg1 Bf3 38. Rf1 Kf5 39. Kf2 Re8 40. Rae1 Be4 41. Rd1
Nb3 42. Rg1 Rc8 43. Rxg7 Rc2+ 44. Ke1 Nc5 45. Rc7 Kxf4 46. Rd2 Rxd2 47. Kxd2
Nb3+ 48. Ke2 Nxa5 49. Ra7 Bb7 50. Kf2 Ke4 51. Ke2 Kd4 52. Kf2 Kc5 53. Ke3 Kxb6
54. Rxa6+ Bxa6 55. Kf4 Kc5 56. Kg4 Kd6 57. Kxh4 Ke7 58. Kg5 Kf8 59. Kf6 Kg8 60.
h4 Kh7 61. h5 Bd3 62. h6 Nc4 63. Kf7 Kxh6 64. Kf6 Be4 65. Kf7 Kg5 66. Kg7 Ne5
67. Kg8 Kf6 68. Kf8 Bd5 69. Ke8 Bf7+ 70. Kd8 Nc4 71. Kc7 Be8 72. Kd8 Bb5 73. Kc8
Ke6 74. Kd8 Kd6 75. Kc8 Nb6+ 76. Kd8 Nd5 77. Kc8 Ke7 78. Kb8 Kd7 79. Kb7 Bd3 80.
Kb8 Ba6 81. Ka7 Bc8 82. Kb8 Kd8 83. Ka8 Kc7 84. Ka7 Ne7 0-1

[Event "Doeberl Cup Premier"]
[Site "Canberra AUS"]
[Date "2011.04.21"]
[Round "3.2"]
[White "McNamara,G"]
[Black "Deviatkin,A"]
[Result "0-1"]
[BlackTitle "GM"]
[WhiteElo "2150"]
[BlackElo "2566"]
[WhiteFideId "3203425"]
[BlackFideId "4121260"]
[EventDate "2011.04.21"]
[EventType "swiss"]

1. c4 e5 2. b3 Nf6 3. Bb2 Nc6 4. d3 Bb4+ 5. Nd2 d5 6. a3 Bxd2+ 7. Qxd2 O-O 8. e3
Qe7 9. cxd5 Nxd5 10. Be2 Rd8 11. Nf3 Bg4 12. Rc1 f6 13. O-O a5 14. Rfe1 Be6 15.
Qc2 Rac8 16. h4 Qf7 17. h5 Nde7 18. Nd2 Nf5 19. Bc3 Nd6 20. Rb1 b6 21. b4 axb4
22. axb4 Nb5 23. Ba1 Qd7 24. Rec1 Ne7 25. Bb2 Nd5 26. d4 exd4 27. exd4 Nf4 28.
Bf1 Bd5 29. Nc4 Nd6 30. Qd1 Nxc4 31. Bxc4 Bxc4 32. Rxc4 Qd5 33. Qf1 Re8 34. Rc2
Qxh5 35. g3 Nd5 36. Rbc1 Qf5 37. Qb5 g6 38. Qc6 Nxb4 0-1

[Event "Doeberl Cup Premier"]
[Site "Canberra AUS"]
[Date "2011.04.21"]
[Round "3.3"]
[White "Bojkov,D"]
[Black "Stojic,D"]
[Result "1-0"]
[WhiteTitle "GM"]
[BlackTitle "FM"]
[WhiteElo "2523"]
[BlackElo "2306"]
[WhiteFideId "2904292"]
[BlackFideId "3203689"]
[EventDate "2011.04.21"]
[EventType "swiss"]

1. e4 c5 2. Nf3 d6 3. d4 cxd4 4. Nxd4 Nf6 5. Nc3 a6 6. Be3 e5 7. Nf3 Be7 8. Bc4
O-O 9. O-O Be6 10. Bb3 Nc6 11. Bg5 Nd7 12. Bxe7 Qxe7 13. Qe2 Nc5 14. Rad1 Bg4
15. Nd5 Qd8 16. c3 Nxb3 17. axb3 f5 18. exf5 Bxf5 19. Nd2 Bc2 20. Rc1 Bg6 21.
Ne4 Kh8 22. Rcd1 Rc8 23. b4 Bf7 24. Qe3 Nb8 25. Rd2 Rc6 26. Rfd1 Nd7 27. b5 axb5
28. Nb4 d5 29. Nxd5 Nb6 30. Nb4 Qc7 31. Nxc6 bxc6 32. Qc5 1-0

[Event "Doeberl Cup Premier"]
[Site "Canberra AUS"]
[Date "2011.04.22"]
[Round "3.5"]
[White "Cameron,Alistair"]
[Black "Hansen,SuB"]
[Result "0-1"]
[BlackTitle "GM"]
[WhiteElo "1921"]
[BlackElo "2603"]
[WhiteFideId "3209393"]
[BlackFideId "1400266"]
[EventDate "2011.04.21"]
[EventType "swiss"]

1. d4 d5 2. c4 c6 3. Nf3 Nf6 4. Nc3 e6 5. Bg5 Nbd7 6. cxd5 exd5 7. e3 Be7 8. Bd3
Nf8 9. Qc2 g6 10. O-O Ne6 11. Bh4 O-O 12. Rab1 a5 13. a3 Ng7 14. Rfe1 Bg4 15.
Ne5 Bf5 16. b4 Bxd3 17. Qxd3 Nf5 18. Bxf6 Bxf6 19. bxa5 Rxa5 20. a4 Ra7 21. Rb3
Re8 22. Nf3 Kg7 23. Reb1 Nd6 24. Nd2 Qd7 25. Rb4 Be7 26. R4b2 Bd8 27. Nb3 Qe7
28. Qe2 Qh4 29. Nc5 Re7 30. Qd1 Qg5 31. Kh1 h5 32. h3 Qf5 33. Qf3 Qxf3 34. gxf3
Ba5 35. Ne2 Bd8 36. Nc3 Kf8 37. Kg2 Ke8 38. Rb3 f6 39. R3b2 g5 40. Rb3 Kf7 41.
R3b2 Kg7 42. Rb3 Kh6 43. Kf1 Ba5 44. Ne2 Nc4 45. Rxb7 Nd2+ 46. Kg2 Nxb1 47. Rxb1
Bc7 0-1